| 000 | 00496nam a2200205Ia 4500 | ||
|---|---|---|---|
| 005 | 20240823031408.0 | ||
| 008 | 240823s9999||||xx |||||||||||||| ||und|| | ||
| 020 | _a978-93-80485-14-0 | ||
| 041 | _aENGLISH | ||
| 082 | _A519 Q1 | ||
| 100 | _aArasu Sankar T | ||
| 245 | 0 | _aEngineering Mathematics - I | |
| 250 | _a1st | ||
| 260 |
_c2011 _b"Sams Publishers,Ch" _aChennai |
||
| 500 | _aYES | ||
| 650 |
_aMathematics _bMathematics |
||
| 700 | _a Aysha M H A | ||
| 942 | _cBK | ||
| 999 |
_c190965 _d190965 |
||